[Event "SC Hansa Dortmund 2 - SV Horst-Emscher "]
[Site "Regionalliga 2017/2018"]
[Date "2018.04.15"]
[Round "8.5"]
[White "Jacubowski, Andreas"]
[Black "Hillebrand, Carsten"]
[Result "0-1"]
[WhiteElo "1877"]
[BlackElo "1849"]
[PlyCount "60"]
[EventDate "2018.??.??"]

1. e4 c5 2. Nf3 g6 3. Nc3 Bg7 4. Be2 Nc6 5. O-O d6 6. d3 Nf6 7. h3 O-O 8. Be3
b6 9. Qd2 Bb7 10. Bh6 Rc8 11. Nh2 d5 12. Bxg7 Kxg7 13. exd5 Nb4 14. Bf3 Nbxd5
15. Rae1 a6 16. Re5 Rc7 17. Nxd5 Bxd5 18. Bxd5 Nxd5 19. Ng4 Nf6 20. Qh6+ Kh8
21. Rfe1 Ng8 22. Qf4 Kg7 23. Qa4 Ra7 24. Qe4 f5 25. Qc4 fxg4 26. Qxg4 Qd4 27.
Qxd4 cxd4 28. Rd5 Rc7 29. Rxd4 Rxc2 30. Rb4 Rfxf2 0-1

[Event "SC Hansa Dortmund 2 - SV Horst-Emscher "]
[Site "Regionalliga 2017/2018"]
[Date "2018.04.15"]
[Round "8.6"]
[White "Krueger, Simon"]
[Black "Rebentisch, Tom"]
[Result "1-0"]
[WhiteElo "1966"]
[BlackElo "1974"]
[PlyCount "71"]
[EventDate "2018.??.??"]

1. Nf3 d5 2. d4 Nf6 3. c3 e6 4. Bg5 Be7 5. Nbd2 Nbd7 6. e3 O-O 7. Bd3 b6 8. O-O
Bb7 9. Qc2 h6 10. Bh4 c5 11. h3 Nh5 12. Bxe7 Qxe7 13. Ne5 Nhf6 14. f4 c4 15.
Be2 b5 16. Ndf3 Ne4 17. Nxd7 Qxd7 18. Kh2 f6 19. Nd2 Nxd2 20. Qxd2 Qd6 21. Qe1
Bc6 22. Qg3 b4 23. Rfc1 bxc3 24. Rxc3 Qb4 25. Rc2 Rfc8 26. Rac1 Bd7 27. Bf3 Qa4
28. f5 Qa6 29. e4 exf5 30. exf5 Qc6 31. Rxc4 Qa6 32. Bxd5+ Kh7 33. Rc7 Rxc7 34.
Rxc7 Rd8 35. Rxd7 Rxd7 36. Qg6+ 1-0

[Event "SC Hansa Dortmund 2 - SV Horst-Emscher "]
[Site "Regionalliga 2017/2018"]
[Date "2018.04.15"]
[Round "8.7"]
[White "Tobczewski, Peter"]
[Black "Zelt, Jens"]
[Result "0-1"]
[WhiteElo "1866"]
[BlackElo "2041"]
[Annotator "Daniel"]
[PlyCount "112"]
[EventDate "2018.??.??"]

1. e4 d6 2. d4 c6 3. Nf3 Nd7 4. Bc4 h6 5. O-O Qc7 6. Nc3 e5 7. d5 c5 8. Nh4 a6
9. a4 b6 10. Qe2 Qd8 11. Nf5 g6 12. Ng3 Bg7 13. f4 exf4 14. Bxf4 Ne5 15. Bxe5
Bxe5 16. Qf3 Ra7 17. Nd1 Nf6 18. c3 O-O 19. Nf2 Nh7 20. Nd3 Bg7 21. Qf4 Re7 22.
Rae1 Qd7 23. Bb3 b5 24. axb5 axb5 25. c4 bxc4 26. Bxc4 Qc7 27. Ra1 Nf6 28. Ra4
Nd7 29. Bb5 Nb6 30. Ra2 c4 31. Rc1 Nxd5 32. exd5 Qb6+ 33. Nf2 Qxb5 34. Qxc4
Re1+ 35. Nf1 Qxc4 36. Rxc4 Bb7 37. Ra5 Bxb2 38. Nd3 Ra1 39. Rxa1 Bxa1 40. Ne3
Re8 41. Kf2 Re7 42. Nb4 Kg7 43. Nc6 Rd7 44. Nc2 Bf6 45. N2b4 $11 Rc7 46. Kf3 h5
47. h3 Bg5 48. Rc2 Bc8 49. Ra2 Rb7 50. Rc2 Bf5 51. Rc4 h4 52. Rd4 Rc7 53. Na6
Rc8 54. Rb4 Re8 55. Rb3 Be4+ 56. Kg4 Kh6 0-1

[Event "SC Hansa Dortmund 2 - SV Horst-Emscher "]
[Site "Regionalliga 2017/2018"]
[Date "2018.04.15"]
[Round "8.8"]
[White "Kloster, Josef"]
[Black "Rebentisch, Sebastian"]
[Result "1-0"]
[WhiteElo "2029"]
[BlackElo "1799"]
[PlyCount "103"]
[EventDate "2018.??.??"]

1. e4 e5 2. Nc3 Bc5 3. f4 d6 4. Nf3 Bg4 5. Na4 Nd7 6. h3 Bxf3 7. Qxf3 Ngf6 8.
Nxc5 Nxc5 9. d3 Qe7 10. fxe5 Qxe5 11. Be2 Ne6 12. c3 O-O 13. O-O Rae8 14. Bd2
Re7 15. Rae1 Rfe8 16. Bd1 Qb5 17. Bc1 Nc5 18. Bc2 d5 19. e5 Ncd7 20. d4 Qb6 21.
Qf2 Ne4 22. Bxe4 dxe4 23. Bg5 f6 24. Bh4 Nxe5 25. dxe5 Qxf2+ 26. Rxf2 Rxe5 27.
g4 Kf7 28. g5 f5 29. Bg3 Rc5 30. Rd2 Re7 31. Bf4 Ke6 32. Kf2 Rd5 33. Rxd5 Kxd5
34. Rd1+ Kc4 35. Rd4+ Kc5 36. Ke3 g6 37. h4 a6 38. b4+ Kc6 39. c4 b6 40. Rd2
Kb7 41. Rd5 c6 42. Rd6 c5 43. bxc5 bxc5 44. a4 Rf7 45. a5 Re7 46. Rb6+ Ka7 47.
Rc6 Rd7 48. Rc7+ Rxc7 49. Bxc7 Kb7 50. Bg3 Kc6 51. Kf4 Kd6 52. Bf2 1-0

[Event "Oberhausener SV 2 - SV Welper 1"]
[Site "Regionalliga 2017/2018"]
[Date "2018.04.15"]
[Round "8.1"]
[White "Fuellgrabe, Thomas"]
[Black "Nissen, Claus"]
[Result "1-0"]
[WhiteElo "2219"]
[BlackElo "2089"]
[PlyCount "79"]
[EventDate "2018.??.??"]

1. e4 e6 2. d4 d5 3. Nd2 Nf6 4. e5 Nfd7 5. Bd3 c5 6. c3 cxd4 7. cxd4 Nc6 8. Ne2
f6 9. exf6 Nxf6 10. O-O Bd6 11. Nf3 O-O 12. Bf4 Bxf4 13. Nxf4 Ng4 14. Qd2 Qf6
15. Nh5 Qh6 16. Qxh6 Nxh6 17. Rac1 Nf5 18. Bxf5 Rxf5 19. Ng3 Rf6 20. Rfe1 Rf4
21. Ne2 Rf5 22. Nc3 Bd7 23. Re3 Rf4 24. Ne2 Rf6 25. Ne5 Be8 26. Nxc6 Bxc6 27.
Rc5 Re8 28. g3 g5 29. Nc1 Ref8 30. Nd3 Be8 31. Rc8 b6 32. f3 Bh5 33. Rxf8+ Kxf8
34. Ne5 Ke7 35. Ra3 a5 36. Rb3 Rf8 37. Rxb6 Rc8 38. Rb7+ Kd8 39. Rd7+ Ke8 40.
Rxh7 1-0

[Event "Oberhausener SV 2 - SV Welper 1"]
[Site "Regionalliga 2017/2018"]
[Date "2018.04.15"]
[Round "8.2"]
[White "Joergens, Markus"]
[Black "Kemna, Guido"]
[Result "0-1"]
[WhiteElo "2004"]
[BlackElo "2153"]
[PlyCount "88"]
[EventDate "2018.??.??"]

1. d4 d5 2. c4 c6 3. Nf3 Nf6 4. e3 e6 5. b3 Bd6 6. Bd3 Nbd7 7. Bb2 O-O 8. O-O
Qe7 9. Ne5 Re8 10. Nd2 Nf8 11. f4 N6d7 12. e4 dxe4 13. Nxe4 Bc7 14. Qh5 g6 15.
Qf3 f5 16. Nc3 Nxe5 17. fxe5 Rd8 18. Ne2 Qg7 19. Nf4 c5 20. dxc5 Bxe5 21. Bxe5
Qxe5 22. Rae1 Qxc5+ 23. Kh1 Qc7 24. h4 Bd7 25. Qg3 Re8 26. h5 Bc6 27. hxg6 hxg6
28. c5 Rad8 29. Re3 Qh7+ 30. Kg1 Rd4 31. Bc4 Re4 32. Rxe4 Bxe4 33. Rd1 Qc7 34.
b4 Qe5 35. Rd6 b6 36. Kh2 bxc5 37. bxc5 Re7 38. Nh3 Qxc5 39. Bb3 Bd5 40. Rd8
Bxb3 41. axb3 Kg7 42. Qb8 Qc7+ 43. Qxc7 Rxc7 44. Ng5 Kf6 0-1

[Event "Oberhausener SV 2 - SV Welper 1"]
[Site "Regionalliga 2017/2018"]
[Date "2018.04.15"]
[Round "8.3"]
[White "Adiyaman, Rene"]
[Black "Matzat, Andre"]
[Result "1-0"]
[WhiteElo "2091"]
[BlackElo "2038"]
[PlyCount "65"]
[EventDate "2018.??.??"]

1. e4 c5 2. c3 Nf6 3. e5 Nd5 4. d4 cxd4 5. Nf3 e6 6. cxd4 d6 7. Bc4 Nc6 8. O-O
Be7 9. Qe2 O-O 10. Nc3 Nxc3 11. bxc3 dxe5 12. dxe5 Qa5 13. Bd2 Rd8 14. Rfe1 Bd7
15. Bd3 Be8 16. h4 Qa4 17. g3 g6 18. Bf4 Rac8 19. Ng5 Qa5 20. Rac1 Kg7 21. h5
Ba3 22. hxg6 hxg6 23. Rb1 Ne7 24. Be4 b6 25. Qg4 Bc6 26. Nxe6+ fxe6 27. Qxe6
Bxe4 28. Qf6+ Kg8 29. Bh6 Nf5 30. Qxg6+ Kh8 31. Rxe4 Nxh6 32. Qxh6+ Kg8 33.
Rg4+ 1-0

[Event "Oberhausener SV 2 - SV Welper 1"]
[Site "Regionalliga 2017/2018"]
[Date "2018.04.15"]
[Round "8.4"]
[White "Gerst, Michael"]
[Black "Linde, Wolfgang"]
[Result "0-1"]
[WhiteElo "1993"]
[BlackElo "2141"]
[PlyCount "68"]
[EventDate "2018.??.??"]

1. e4 e5 2. Nf3 Nc6 3. Bb5 Nf6 4. d3 Bc5 5. O-O d6 6. c3 O-O 7. Nbd2 Ne7 8. h3
Ng6 9. Re1 c6 10. Ba4 Bb6 11. Nf1 Nh5 12. Be3 Nhf4 13. Qd2 Qf6 14. N1h2 Bd7 15.
Rad1 Rad8 16. Bb3 Bc8 17. Bxb6 axb6 18. a4 Nh4 19. Nxh4 Qxh4 20. f3 Qg3 21. Kh1
Kh8 22. Rg1 f5 23. Qe1 Nh5 24. Nf1 Qf4 25. Qd2 Qh4 26. Qe1 Qg5 27. Qf2 Nf4 28.
Ng3 d5 29. Nxf5 Bxf5 30. exf5 Qxf5 31. d4 Rd6 32. Bc2 Nxh3 33. gxh3 Qxh3+ 34.
Qh2 Qxf3+ 0-1

[Event "Oberhausener SV 2 - SV Welper 1"]
[Site "Regionalliga 2017/2018"]
[Date "2018.04.15"]
[Round "8.5"]
[White "Schaller, Fabian"]
[Black "Limberg, Matthias"]
[Result "0-1"]
[WhiteElo "1998"]
[BlackElo "2055"]
[PlyCount "72"]
[EventDate "2018.??.??"]

1. Nf3 d5 2. b3 Bf5 3. Bb2 Nd7 4. g3 e6 5. Bg2 Ngf6 6. O-O h6 7. d3 Bc5 8. Nbd2
c6 9. c4 O-O 10. Re1 Qb6 11. d4 Be7 12. Ne5 Rfd8 13. Nxd7 Rxd7 14. c5 Qc7 15.
f4 Ng4 16. e3 b6 17. b4 bxc5 18. bxc5 Qa5 19. h3 Nf6 20. Qc1 Rb8 21. Kh2 Rdb7
22. Bc3 Qa4 23. Bf3 Bd3 24. Kg2 Bd8 25. Bd1 Qa6 26. Bc2 Bc7 27. Kg1 Kf8 28. Kf2
Ke7 29. g4 g5 30. f5 exf5 31. gxf5 Kd7 32. e4 Bf4 33. Qd1 Bxd2 34. Qxd2 Nxe4+
35. Rxe4 dxe4 36. h4 Rb2 0-1

[Event "Oberhausener SV 2 - SV Welper 1"]
[Site "Regionalliga 2017/2018"]
[Date "2018.04.15"]
[Round "8.6"]
[White "Weyh, Thomas"]
[Black "Schaller, Torsten"]
[Result "1/2-1/2"]
[WhiteElo "1992"]
[BlackElo "1971"]
[PlyCount "113"]
[EventDate "2018.??.??"]

1. d4 Nf6 2. c4 e6 3. Nc3 Bb4 4. e3 O-O 5. Nge2 Re8 6. a3 Bf8 7. g3 d5 8. cxd5
exd5 9. Bg2 a5 10. O-O c6 11. f3 c5 12. g4 Nc6 13. Nf4 cxd4 14. exd4 Bd6 15.
Nb5 Bb8 16. g5 Nd7 17. Nxd5 Nb6 18. Ndc3 Be6 19. f4 Bc4 20. Re1 Kf8 21. b3
Rxe1+ 22. Qxe1 Bxb3 23. a4 Qd7 24. Ba3+ Nb4 25. Qe4 g6 26. Qxb7 Qd8 27. Rb1 Bc4
28. Rxb4 axb4 29. Bxb4+ Kg8 30. Be7 Qe8 31. Ne4 Kg7 32. Nf6 Qc8 33. Qxc8 Nxc8
34. Bxa8 Nxe7 35. d5 Nf5 36. d6 Bxb5 37. axb5 Nxd6 38. b6 Nc4 39. b7 Nb6 40.
Kf2 Bxf4 41. h4 Kf8 42. Nxh7+ Ke7 43. Kf3 Bh2 44. Nf6 Nd7 45. Ng4 Bc7 46. Ne3
Ke6 47. Ke4 Bg3 48. Ng2 Bb8 49. Nf4+ Kd6 50. h5 Nc5+ 51. Kf3 gxh5 52. Nxh5 Ke5
53. Kg4 Ne4 54. Ng7 Nd6 55. Nh5 Ne4 56. Ng7 Nd6 57. Nh5 1/2-1/2

[Event "Oberhausener SV 2 - SV Welper 1"]
[Site "Regionalliga 2017/2018"]
[Date "2018.04.15"]
[Round "8.7"]
[White "Marx, Patrick"]
[Black "Groß, Thomas"]
[Result "0-1"]
[WhiteElo "1957"]
[BlackElo "2006"]
[PlyCount "100"]
[EventDate "2018.??.??"]

1. d4 d5 2. Nf3 Nf6 3. Bf4 c5 4. e3 Nc6 5. c3 Qb6 6. Qb3 c4 7. Qxb6 axb6 8. Na3
Na7 9. Nc2 Bf5 10. Nb4 e6 11. Bc7 Nb5 12. Bxb6 Ne4 13. Bc5 Nxc5 14. dxc5 Bxc5
15. Kd2 Nd6 16. Nd4 Bg6 17. f3 O-O 18. h4 h6 19. g4 Rfd8 20. Bg2 e5 21. Ndc2 d4
22. exd4 exd4 23. cxd4 Nb5 24. d5 Ra4 25. a3 Nd4 26. Kc3 Nxc2 27. Nxc2 Rxd5 28.
Rhd1 Rd3+ 29. Rxd3 cxd3 30. Ne1 Bd4+ 31. Kb3 b5 32. Rd1 f6 33. Nxd3 Rc4 34. Bf1
Bf7 35. Ne5 Rc1+ 36. Nxf7 Rxd1 37. Nxh6+ gxh6 38. Bxb5 Rb1 39. Kc4 Rxb2 40. a4
Bb6 41. Bc6 Kf8 42. Kd5 Ke7 43. Bb5 Rf2 44. Ke4 Kd6 45. f4 Rh2 46. h5 Ke7 47.
Kf5 Bc7 48. Kg6 Bxf4 49. a5 Ra2 50. a6 Bg5 0-1

[Event "Oberhausener SV 2 - SV Welper 1"]
[Site "Regionalliga 2017/2018"]
[Date "2018.04.15"]
[Round "8.8"]
[White "Stefaniak, Christian"]
[Black "Sharma, Danesh"]
[Result "1-0"]
[WhiteElo "1935"]
[BlackElo "1854"]
[PlyCount "67"]
[EventDate "2018.??.??"]

1. e4 e5 2. Nf3 Nc6 3. d4 exd4 4. Nxd4 Bc5 5. Nb3 Bb6 6. Nc3 Qf6 7. Qe2 Nge7 8.
Be3 O-O 9. O-O-O d6 10. Kb1 Be6 11. Bxb6 axb6 12. Qe3 Bxb3 13. cxb3 Ra5 14. h4
Rfa8 15. a3 d5 16. exd5 Nf5 17. Qg5 Rxa3 18. bxa3 Qxc3 19. Rd3 Qe1+ 20. Qc1
Qxc1+ 21. Kxc1 Nce7 22. Kb2 Rd8 23. g4 Nh6 24. Be2 f6 25. Rc1 Rd7 26. g5 Nf7
27. gxf6 gxf6 28. Rcd1 Nd6 29. Bg4 f5 30. Bf3 Ng6 31. Rg1 Kf8 32. h5 Ne5 33.
Rc3 Nb5 34. Re3 1-0

[Event "SV Ahlen 1 - SV Wattenscheid 2"]
[Site "Regionalliga 2017/2018"]
[Date "2018.04.15"]
[Round "8.1"]
[White "Schlehoefer, Ralf"]
[Black "Steinle, Carsten"]
[Result "1/2-1/2"]
[WhiteElo "2216"]
[BlackElo "2157"]
[PlyCount "109"]
[EventDate "2018.??.??"]

1. d4 Nf6 2. c4 e6 3. Nc3 Bb4 4. e3 Ne4 5. Qc2 Nxc3 6. bxc3 Be7 7. Bd3 h6 8. e4
b6 9. Qe2 d6 10. Nf3 Nd7 11. Bf4 Bb7 12. a4 Bf6 13. a5 e5 14. dxe5 dxe5 15. Be3
O-O 16. c5 bxc5 17. Nd2 Bg5 18. O-O Rb8 19. Rab1 Qf6 20. Nb3 Bxe3 21. Qxe3 Qf4
22. Rfe1 Qxe3 23. Rxe3 Bc6 24. Ree1 Rfd8 25. f3 Kf8 26. Kf2 Ke7 27. Ke3 f6 28.
Bc4 Ba4 29. Nd2 Rxb1 30. Rxb1 Rb8 31. Rxb8 Nxb8 32. Bd5 Bb5 33. g3 Kd6 34. f4
Nd7 35. Nf3 Bf1 36. Nd2 Ba6 37. Nf3 g5 38. h4 gxf4+ 39. gxf4 f5 40. Ba8 fxe4
41. fxe5+ Nxe5 42. Nxe5 Kxe5 43. Bxe4 Bc4 44. Bg6 Be6 45. Be4 Bf5 46. Bg2 Bc2
47. Bc6 Bb3 48. Be4 Be6 49. Bg2 Bd5 50. Bf1 Bf7 51. Bg2 Bh5 52. Be4 c4 53. Bb7
Bg6 54. Ba6 Bd3 55. Bb5 1/2-1/2

[Event "SV Ahlen 1 - SV Wattenscheid 2"]
[Site "Regionalliga 2017/2018"]
[Date "2018.04.15"]
[Round "8.2"]
[White "Torres-Kuckel, Rafael"]
[Black "Schroeder, Wilfried"]
[Result "1/2-1/2"]
[WhiteElo "2070"]
[BlackElo "2166"]
[PlyCount "64"]
[EventDate "2018.??.??"]

1. e4 c6 2. c4 d5 3. exd5 cxd5 4. cxd5 Nf6 5. Bb5+ Nbd7 6. Nc3 g6 7. Nf3 Bg7 8.
d3 O-O 9. Bc4 Nb6 10. Qb3 Ne8 11. Be3 Bg4 12. Nd2 Nd6 13. O-O Bd7 14. a4 Nf5
15. Nf3 Qc7 16. Rfe1 Nc8 17. Bd2 Re8 18. Rac1 Ncd6 19. Nb5 Bxb5 20. axb5 Nd4
21. Nxd4 Bxd4 22. Be3 Qb6 23. Qa4 Nf5 24. Bxd4 Qxd4 25. Qa3 Nd6 26. h3 Rac8 27.
Rc2 Rc7 28. Rce2 Rd7 29. Qc3 Qb6 30. Qa3 Qd4 31. Qc3 Qb6 32. Qa3 Qd4 1/2-1/2

[Event "SV Ahlen 1 - SV Wattenscheid 2"]
[Site "Regionalliga 2017/2018"]
[Date "2018.04.15"]
[Round "8.3"]
[White "Koehn, Peter"]
[Black "Volesky, Karl-Heinz"]
[Result "1/2-1/2"]
[WhiteElo "2163"]
[BlackElo "2050"]
[PlyCount "75"]
[EventDate "2018.??.??"]

1. c4 Nf6 2. Nc3 c5 3. g3 Nc6 4. Bg2 g6 5. Nf3 Bg7 6. d4 cxd4 7. Nxd4 O-O 8.
O-O Nxd4 9. Qxd4 d6 10. Qd3 Qa5 11. h3 Bd7 12. Bd2 Bc6 13. e4 Qc7 14. Rac1 Rac8
15. Rfe1 Nd7 16. b4 b6 17. Qe2 Rfe8 18. h4 a6 19. h5 Bb7 20. Nd5 Bxd5 21. exd5
a5 22. a3 Bb2 23. Qe3 Bxc1 24. Rxc1 axb4 25. axb4 b5 26. hxg6 hxg6 27. c5 dxc5
28. bxc5 Qe5 29. c6 Qxe3 30. Bxe3 Ne5 31. Rb1 Ra8 32. Bd4 Nc4 33. Rxb5 Nd6 34.
Rc5 e5 35. dxe6 Rxe6 36. c7 Re1+ 37. Kh2 Rc8 38. Be5 1/2-1/2

[Event "SV Ahlen 1 - SV Wattenscheid 2"]
[Site "Regionalliga 2017/2018"]
[Date "2018.04.15"]
[Round "8.4"]
[White "Woestmann, Ulrich"]
[Black "Gohla, Ulf"]
[Result "0-1"]
[WhiteElo "1971"]
[BlackElo "2101"]
[PlyCount "36"]
[EventDate "2018.??.??"]

1. e4 e5 2. Nf3 Nc6 3. Bc4 Bc5 4. O-O Nf6 5. d4 Bxd4 6. Nxd4 Nxd4 7. f4 d6 8.
fxe5 dxe5 9. Bg5 Qe7 10. Bxf6 gxf6 11. c3 Ne6 12. Na3 Rg8 13. Bxe6 Bxe6 14.
Qa4+ Bd7 15. Qc2 O-O-O 16. Qf2 Bh3 17. Qxa7 Rxg2+ 18. Kh1 Rdd2 0-1

[Event "SV Ahlen 1 - SV Wattenscheid 2"]
[Site "Regionalliga 2017/2018"]
[Date "2018.04.15"]
[Round "8.5"]
[White "Schlange, Stefan"]
[Black "Volesky, Alexander"]
[Result "1-0"]
[WhiteElo "2076"]
[BlackElo "1988"]
[PlyCount "83"]
[EventDate "2018.??.??"]

1. e4 c5 2. Nf3 e6 3. d4 cxd4 4. Nxd4 a6 5. Bd3 Bc5 6. Nb3 Ba7 7. O-O d6 8. Kh1
Nc6 9. f4 Nf6 10. Qf3 e5 11. f5 d5 12. Bg5 d4 13. a3 Qd6 14. N1d2 Bd7 15. Rac1
b5 16. Rfd1 O-O 17. Nf1 Rfc8 18. g4 Be8 19. Ng3 Nd7 20. Bd2 f6 21. h4 Bf7 22.
Na5 Bb6 23. Nxc6 Rxc6 24. Rg1 Bd8 25. Rg2 Bc4 26. Rcg1 Rac8 27. g5 Bf7 28. g6
hxg6 29. fxg6 Be6 30. Qh5 Nf8 31. Bb4 Qd7 32. Nf5 Bxf5 33. exf5 Be7 34. Be4
Bxb4 35. axb4 Rd6 36. Qf3 Rc4 37. Ra1 d3 38. cxd3 Rxb4 39. Rc2 Rxe4 40. dxe4
Rd3 41. Qg2 Qd4 42. Re1 1-0

[Event "SV Ahlen 1 - SV Wattenscheid 2"]
[Site "Regionalliga 2017/2018"]
[Date "2018.04.15"]
[Round "8.6"]
[White "Busche, Klaus"]
[Black "Schwebel, Markus"]
[Result "0-1"]
[WhiteElo "1916"]
[BlackElo "2036"]
[PlyCount "134"]
[EventDate "2018.??.??"]

1. d4 Nf6 2. Nf3 g6 3. Nc3 d5 4. Bf4 Bg7 5. Qd2 O-O 6. Bh6 c5 7. Bxg7 Kxg7 8.
dxc5 Qa5 9. e4 dxe4 10. Nxe4 Qc7 11. Nxf6 exf6 12. Be2 Qxc5 13. O-O Nc6 14. c3
Be6 15. Rfd1 Rad8 16. Nd4 Nxd4 17. cxd4 Qf5 18. Bf3 Bd5 19. Bxd5 Rxd5 20. Qe3
Rc8 21. Rac1 Rxc1 22. Rxc1 Qd7 23. Rd1 Qa4 24. b3 Qxa2 25. h3 Qa5 26. Qe7 Qb6
27. Qe3 Qd6 28. g3 Rb5 29. Rd3 Qd5 30. Rc3 Rb4 31. Rd3 a5 32. Kh2 b5 33. h4 a4
34. bxa4 bxa4 35. Rd1 Rb3 36. Rd3 Rxd3 37. Qxd3 Qb3 38. Qa6 a3 39. d5 a2 40. d6
Qb2 41. d7 Qxf2+ 42. Kh3 Qf5+ 43. Kg2 Qd5+ 44. Kg1 Qd4+ 45. Kg2 Qb2+ 46. Kf3
a1=Q 47. Qxa1 Qxa1 48. d8=Q Qf1+ 49. Ke3 Qf5 50. Qa8 h6 51. Qg2 Qe5+ 52. Kd3 f5
53. Qf2 Qe4+ 54. Kc3 g5 55. hxg5 hxg5 56. Qh2 Qe3+ 57. Kc4 f4 58. Qb2+ Kg6 59.
Qb1+ f5 60. gxf4 Qxf4+ 61. Kd5 g4 62. Qb6+ Kh5 63. Qf6 Qe4+ 64. Kc5 g3 65. Qf7+
Kg4 66. Qg6+ Kf3 67. Qh5+ Kf2 0-1

[Event "SV Ahlen 1 - SV Wattenscheid 2"]
[Site "Regionalliga 2017/2018"]
[Date "2018.04.15"]
[Round "8.7"]
[White "Schmedders, Hans-Gerd"]
[Black "Starp, Klaus"]
[Result "1/2-1/2"]
[WhiteElo "2050"]
[BlackElo "1913"]
[PlyCount "50"]
[EventDate "2018.??.??"]

1. e4 c5 2. Nf3 d6 3. Bb5+ Bd7 4. Bxd7+ Qxd7 5. c4 Nf6 6. Nc3 Nc6 7. O-O g6 8.
d3 Bg7 9. h3 O-O 10. Be3 e5 11. Qd2 Nd4 12. Nh2 Ne8 13. f4 f5 14. Nf3 Nc7 15.
fxe5 dxe5 16. exf5 gxf5 17. Rae1 Qd6 18. Kh1 Rad8 19. Nh4 Nce6 20. Bh6 Bxh6 21.
Qxh6 Nf4 22. Qxd6 Rxd6 23. Rxe5 Nxd3 24. Re7 Nxb2 25. Rxb7 Nxc4 1/2-1/2

[Event "SV Ahlen 1 - SV Wattenscheid 2"]
[Site "Regionalliga 2017/2018"]
[Date "2018.04.15"]
[Round "8.8"]
[White "Dreesbach, Harald"]
[Black "Klueting, Reiner"]
[Result "0-1"]
[WhiteElo "1758"]
[BlackElo "1904"]
[PlyCount "56"]
[EventDate "2018.??.??"]

1. d4 f5 2. g4 d5 3. Nc3 Nf6 4. g5 Ne4 5. Qd3 Nc6 6. a3 e6 7. h4 a6 8. Nh3 Bd6
9. Nf4 Ne7 10. f3 Ng3 11. Rg1 Nxf1 12. Kxf1 c5 13. Nh5 O-O 14. Nf4 cxd4 15. g6
e5 16. gxh7+ Kxh7 17. Nh5 g6 18. Qd2 f4 19. Nd1 gxh5 20. Rg5 Rf5 21. Qd3 Kh6
22. Nf2 Rxg5 23. hxg5+ Kxg5 24. e3 dxe3 25. Bxe3 Bf5 26. Bxf4+ exf4 27. Qd4 Qh8
28. Qb6 Qf6 0-1

[Event "SF Werden - SV Mülheim Nord 4"]
[Site "?"]
[Date "2018.03.18"]
[Round "8"]
[White "Schmidt, Kevin"]
[Black "ter Steeg, Marcus"]
[Result "0-1"]
[WhiteElo "1878"]
[BlackElo "2057"]
[PlyCount "86"]

1. e4 c5 2. Nf3 e6 3. c4 d6 4. d4 cxd4 5. Nxd4 Nf6 6. Nc3 a6 7. Be3 Be7 8. Be2
Nbd7 9. O-O O-O 10. Rc1 Qc7 11. Qd2 b6 12. Rfd1 Bb7 13. f3 Rac8 14. b3 Rfe8 15.
Bf1 Qb8 16. Qf2 Bd8 17. g3 Bc7 18. Bg2 Ne5 19. Nde2 Nfd7 20. Na4 Bc6 21. Nb2
Qa8 22. Nf4 f5 23. exf5 Nxf3+ 24. Bxf3 Bxf3 25. fxe6 Ne5 26. Rf1 Be4 27. Qd2
Nf3+ 28. Rxf3 Bxf3 29. Rf1 Qe4 30. Nbd3 d5 31. Nxd5 Rxe6 32. Qf2 Rf8 33. Nxc7
Ref6 34. Nf4 Bg4 35. Ncd5 R6f7 36. Qg2 Qxg2+ 37. Kxg2 g5 38. Nxb6 gxf4 39. Bxf4
Bf5 40. Re1 Kg7 41. Nd5 Rd7 42. Re5 Bb1 43. c5 Rxd5 0-1

[Event "SF Werden - SV Mülheim Nord 4"]
[Site "?"]
[Date "2018.03.18"]
[Round "8"]
[White "Claussen, Uwe"]
[Black "Kremer, Moritz"]
[Result "1/2-1/2"]
[WhiteElo "2042"]
[BlackElo "1857"]
[PlyCount "107"]

1. e4 e6 2. d4 d5 3. Nc3 dxe4 4. Nxe4 Bd7 5. Nf3 Bc6 6. Bd3 Be7 7. Qe2 Nf6 8.
c3 Nbd7 9. Ng3 Bxf3 10. Qxf3 c6 11. O-O O-O 12. Bf4 Re8 13. Rad1 Nf8 14. Rfe1
Qd5 15. Qxd5 Nxd5 16. Bc1 Ng6 17. Bb1 Rad8 18. a3 Nf6 19. b4 Bd6 20. c4 Rd7 21.
Ne4 Nxe4 22. Bxe4 Red8 23. g3 Be7 24. Be3 a6 25. d5 f5 26. Bb6 fxe4 27. Bxd8
Rxd8 28. dxc6 bxc6 29. Rxd8+ Bxd8 30. a4 Kf7 31. Rxe4 e5 32. b5 axb5 33. axb5
cxb5 34. cxb5 Ke6 35. Rc4 Kd7 36. Kg2 Ne7 37. f4 exf4 38. Rxf4 Ke6 39. Rg4 Nf5
40. Ra4 Kd6 41. g4 Ne3+ 42. Kf3 Nd5 43. Ra7 Bf6 44. g5 Bxg5 45. Rxg7 h6 46.
Rg6+ Kc5 47. Rxg5 hxg5 48. Kg4 Kxb5 49. Kxg5 Kc6 50. h4 Kd6 51. Kg6 Ke6 52. h5
Nf4+ 53. Kg5 Nxh5 54. Kxh5 1/2-1/2

[Event "SF Werden - SV Mülheim Nord 4"]
[Site "?"]
[Date "2018.03.18"]
[Round "8"]
[White "Schürmann, Jan"]
[Black "Hütte, Stefan"]
[Result "0-1"]
[WhiteElo "1784"]
[BlackElo "2011"]
[PlyCount "90"]

1. Nf3 d6 2. d4 Bg4 3. e3 Nd7 4. Bd3 Ngf6 5. c4 e5 6. Nc3 Be7 7. O-O O-O 8. Be2
c6 9. Qc2 Qc7 10. b3 d5 11. dxe5 Nxe5 12. Nxe5 Qxe5 13. Bd2 Bd6 14. f4 Qe6 15.
cxd5 cxd5 16. Bxg4 Nxg4 17. Qd3 Nf6 18. Rad1 Rfd8 19. Nb5 a6 20. Nd4 Qe4 21.
Bc3 Rac8 22. Nf5 Rxc3 23. Nh6+ gxh6 24. Qxc3 Qf5 25. Rf3 Ne4 26. Qa5 Be7 27.
Qb6 Rd7 28. Rh3 Qg6 29. Qa5 Qc6 30. Qe1 Qc2 31. Rxh6 Bb4 32. Rc1 Qd2 33. Qxd2
Bxd2 34. Rc8+ Kg7 35. Rh3 d4 36. exd4 Rxd4 37. Rf3 Ba5 38. g3 Rd1+ 39. Kg2 Rd2+
40. Kh3 h5 41. Rb8 Bb6 42. Rf1 Nf6 43. Rxb7 Ng4 44. Kh4 Rxh2+ 45. Kg5 Bd8+ 0-1

[Event "SF Werden - SV Mülheim Nord 4"]
[Site "?"]
[Date "2018.03.18"]
[Round "8"]
[White "Rehfeldt, Jens"]
[Black "Bartelt, Max Peter"]
[Result "0-1"]
[WhiteElo "1942"]
[BlackElo "1822"]
[PlyCount "120"]

1. e4 c5 2. Nc3 d6 3. Bc4 Nf6 4. d3 Nc6 5. f4 g6 6. h3 e5 7. Nf3 Bg7 8. O-O O-O
9. a4 Qe7 10. fxe5 dxe5 11. Bg5 Qd6 12. Qe1 Be6 13. Nb5 Qd7 14. Bxe6 fxe6 15.
Qc3 a6 16. Na3 Nd4 17. Rae1 Nxf3+ 18. Rxf3 Qd4+ 19. Qxd4 exd4 20. Ref1 Nd7 21.
Be7 Rxf3 22. Rxf3 Bf8 23. Bg5 h6 24. Bd2 Kg7 25. Rf1 Ne5 26. Rb1 Rc8 27. b3 Nc6
28. Nc4 b5 29. Nb2 Ne5 30. axb5 axb5 31. Ra1 g5 32. Ra5 Rb8 33. Be1 Rb6 34. Bg3
Nc6 35. Ra8 Nb4 36. Be5+ Kf7 37. c3 Nc6 38. cxd4 Nxd4 39. b4 Nc6 40. Bc3 Nxb4
41. Ra7+ Kg6 42. Ra8 Bg7 43. Rg8 Rb7 44. Bxg7 Rxg7 45. Rc8 Ra7 46. Kh2 Ra2 47.
Nd1 Nxd3 48. Rc6 Kf6 49. Nc3 Rb2 50. Nd1 Rd2 51. Ne3 Ke5 52. Ng4+ Kxe4 53.
Rxe6+ Kd4 54. Nxh6 Rxg2+ 55. Kh1 Rf2 56. Ng4 Rf3 57. Rd6+ Kc3 58. Kg2 Rf4 59.
Ne3 Rd4 60. Rg6 Nf4+ 0-1

[Event "SF Werden - SV Mülheim Nord 4"]
[Site "?"]
[Date "2018.03.18"]
[Round "8"]
[White "Vavro, Maximilian"]
[Black "Bury, Tobias"]
[Result "1/2-1/2"]
[WhiteElo "1721"]
[BlackElo "1894"]
[PlyCount "87"]

1. d4 Nf6 2. Nf3 g6 3. c4 Bg7 4. e3 O-O 5. Bd3 d6 6. Nc3 Nbd7 7. O-O e5 8. d5
Nc5 9. e4 a5 10. Be3 Nh5 11. Re1 Nxd3 12. Qxd3 f5 13. Qd2 f4 14. c5 fxe3 15.
Qxe3 Nf4 16. Rac1 g5 17. Nb5 g4 18. Nd2 Bh6 19. Qc3 Rf7 20. cxd6 cxd6 21. Nc7
Rb8 22. Rc2 Qf8 23. Nf1 b6 24. Ng3 Bg5 25. Rd1 h5 26. Ne6 Nxe6 27. dxe6 Bxe6
28. Nxh5 Rc8 29. Qd3 Rfc7 30. Rxc7 Rxc7 31. Ng3 Rc1 32. Rxc1 Bxc1 33. Qc3 Qc8
34. Qd3 Qc5 35. b3 Ba3 36. Ne2 Bd7 37. Qd2 Bb5 38. Qg5+ Kf7 39. Qh5+ Ke7 40.
Qg5+ Ke8 41. Qg8+ Ke7 42. Qg5+ Ke8 43. Qg8+ Ke7 44. Qg5+ 1/2-1/2

[Event "SF Werden - SV Mülheim Nord 4"]
[Site "?"]
[Date "2018.03.18"]
[Round "8"]
[White "Biermann, Klaus"]
[Black "Stadel, Michael"]
[Result "0-1"]
[WhiteElo "1917"]
[BlackElo "1620"]
[PlyCount "90"]

1. c4 e5 2. Nc3 f5 3. g3 Nf6 4. Bg2 c6 5. e3 d6 6. Nge2 Be7 7. O-O O-O 8. b3
Be6 9. Bb2 Bf7 10. d3 Nbd7 11. e4 fxe4 12. dxe4 Nc5 13. Qd2 Bg6 14. f3 Nh5 15.
Rad1 Ne6 16. f4 exf4 17. gxf4 Nc5 18. f5 Bf7 19. Qc2 Qc7 20. Rf3 Bf6 21. Ng3
Be5 22. Nf1 Nf4 23. Rf2 Bh5 24. Rdd2 Rf6 25. Nd1 Rh6 26. Bxe5 dxe5 27. b4 Nd7
28. Ng3 Nf6 29. Ne3 Ng4 30. Nxg4 Bxg4 31. c5 Qe7 32. Bf1 Qh4 33. Rd6 Rxd6 34.
cxd6 Rd8 35. Rd2 Qf6 36. Qc5 a6 37. Bc4+ Kh8 38. a4 Qg5 39. Rc2 Nh3+ 40. Kf1
Qf4+ 41. Ke1 Qf3 42. Be2 Qf4 43. Bxg4 Qxg4 44. Qxe5 Nf4 45. f6 Nd3+ 0-1